{"text_format":"3","workbook":"xlsx","n_sheets":2,"sheets":["SUMMARY","MATERIAL TAKE-OFF"],"not_rendered":{"charts":1,"images":3,"defined_names":3},"read":"whole","date_system":"1900"}

{"sheet":"SUMMARY","index":0,"n_rows":18,"n_cols":4,"rows_kept":18,"merged":[[12,0,12,1],[13,0,13,3],[17,0,17,1]]}
[]
["Project ID:"]
[]
["Address:"]
[]
["No. of Floors:",1]
[]
["Building GSF",2500]
[]
["DIVISION NO.","DESCRIPTION","TOTAL DIV. COST","TOTAL DIV. COST (PER SF)"]
[1000,"General Requirements",{"$f":"'MATERIAL TAKE-OFF'!P19","v":{"v":7892.863590071449,"d":"$7,893"}},{"$f":"C11/$B$8","v":{"v":3.1571454360285798,"d":"$3.16"}}]
[12000,"Furnishes",{"$f":"'MATERIAL TAKE-OFF'!P44","v":{"v":57070.59718056,"d":"$57,071"}},{"$f":"C12/$B$8","v":{"v":22.828238872224,"d":"$22.83"}}]
["PROJECTED COST",null,{"$f":"SUM(C11:C12)","v":{"v":64963.46077063145,"d":"$64,963"}},{"$f":"SUM(D11:D12)","v":{"v":25.985384308252577,"d":"$26"}}]
[]
["OVERHEAD AND PROFIT",{"v":0.2,"d":"20%"},{"$f":"$C$13*B15","v":{"v":12992.692154126291,"d":"$12,993"}},{"$f":"$D$13*B15","v":{"v":5.197076861650515,"d":"$5"}}]
["INSURANCE",{"v":0.03,"d":"3%"},{"$f":"$C$13*B16","v":{"v":1948.9038231189434,"d":"$1,949"}},{"$f":"$D$13*B16","v":{"v":0.7795615292475773,"d":"$1"}}]
["CONTINGENCY",{"v":0.05,"d":"5%"},{"$f":"$C$13*B17","v":{"v":3248.1730385315727,"d":"$3,248"}},{"$f":"$D$13*B17","v":{"v":1.2992692154126289,"d":"$1"}}]
["SUGGESTED BASE BID",null,{"$f":"SUM(C13:C17)","v":{"v":83153.22978640826,"d":"$83,153"}},{"$f":"SUM(D13:D17)","v":{"v":33.2612919145633,"d":"$33"}}]

{"sheet":"MATERIAL TAKE-OFF","index":1,"n_rows":62,"n_cols":17,"rows_kept":62,"merged":[[2,10,2,11],[2,12,2,13],[3,10,3,11],[3,12,3,13],[4,10,4,11],[4,12,4,13],[5,10,5,11],[5,12,5,13],[6,10,6,11],[6,12,6,13],[7,10,7,11],[7,12,7,13],[10,1,10,14],[20,1,20,14],[44,0,44,12],[45,0,45,13],[46,0,46,13],[47,0,47,13],[48,0,48,13],[49,0,49,12],[51,1,51,14]]}
[]
[]
["Project: "]
[]
["Address:"]
[]
["Scope:","FURNISHES"]
[]
["Date:"]
["SR #","REF","DESCRIPTION","QUANTITY","UNIT","WASTAGE","QUANTITY W/ WASTAGE","LABOR HOURS","WAGES","TOTAL LABOR  HOUR","TOTAL LABOUR COST","MATERIAL RATE","TOTAL MATETRIAL COST","EQUIPMENT RATE","TOTAL EQUIPMENT COSTS","SUB COST"]
[null,"01. GENERAL REQUIREMENTS"]
[1,null,"Supervision and Coordination",1,"LS",{"v":0,"d":"0%"},{"$f":"(F12*D12)+D12","v":{"v":1,"d":"1.00"}},{"$f":"2.5%*$Q$12/I12","v":{"v":16.229836531839382,"d":"16.23"}},{"v":87.91,"d":"$87.91"},{"$f":"H12*G12","v":{"v":16.229836531839382,"d":"16.23"}},{"$f":"I12*J12","v":{"v":1426.764929514,"d":"$1,426.76"}},{"v":0,"d":"$0.00"},{"$f":"L12*G12","v":{"v":0,"d":"$0.00"}},{"v":0,"d":"$0.00"},{"$f":"N12*G12","v":{"v":0,"d":"$0.00"}},{"$f":"IF(D12=\"\",\"\",(K12+M12+O12))","v":{"v":1426.764929514,"d":"$1,426.76"}},{"$f":"SUM(P22:P44)/2","v":{"v":57070.59718056,"d":"$57,070.60"}}]
[{"$f":"A12+1","v":2},null,"Submittals and Shop drawings",1,"LS",{"v":0,"d":"0%"},{"v":1,"d":"1.00"},{"$f":"1.65%*$Q$12/I13","v":{"v":10.711692111013992,"d":"10.71"}},{"v":87.91,"d":"$87.91"},{"v":10.711692111013992,"d":"10.71"},{"v":941.66485347924,"d":"$941.66"},{"v":0,"d":"$0.00"},{"v":0,"d":"$0.00"},{"v":0,"d":"$0.00"},{"v":0,"d":"$0.00"},{"v":941.66485347924,"d":"$941.66"}]
[3,null,"Final Cleaning",1,"LS",{"v":0,"d":"0%"},{"v":1,"d":"1.00"},{"$f":"0.85%*$Q$12/I14","v":{"v":5.51814442082539,"d":"5.52"}},{"v":87.91,"d":"$87.91"},{"v":5.51814442082539,"d":"5.52"},{"v":485.10007603476004,"d":"$485.10"},{"v":0,"d":"$0.00"},{"v":0,"d":"$0.00"},{"v":0,"d":"$0.00"},{"v":0,"d":"$0.00"},{"v":485.10007603476004,"d":"$485.10"}]
[4,null,"Mobilization Costs",1,"LS",{"v":0,"d":"0%"},{"v":1,"d":"1.00"},{"$f":"2.35%*$Q$12/I15","v":{"v":15.256046339929018,"d":"15.26"}},{"v":87.91,"d":"$87.91"},{"v":15.256046339929018,"d":"15.26"},{"v":1341.1590337431599,"d":"$1,341.16"},{"v":0,"d":"$0.00"},{"v":0,"d":"$0.00"},{"v":0,"d":"$0.00"},{"v":0,"d":"$0.00"},{"v":1341.1590337431599,"d":"$1,341.16"}]
[5,null,"Bond @ 2%",1,"LS",{"v":0,"d":"0%"},{"v":1,"d":"1.00"},{"$f":"2%*$Q$12/I16","v":{"v":12.983869225471507,"d":"12.98"}},{"v":87.91,"d":"$87.91"},{"v":12.983869225471507,"d":"12.98"},{"v":1141.4119436112,"d":"$1,141.41"},{"v":0,"d":"$0.00"},{"v":0,"d":"$0.00"},{"v":0,"d":"$0.00"},{"v":0,"d":"$0.00"},{"v":1141.4119436112,"d":"$1,141.41"}]
[6,null,"Temporary Control & Facilities",1,"LS",{"v":0,"d":"0%"},{"v":1,"d":"1.00"},{"$f":"0.98%*$Q$12/I17","v":{"v":6.362095920481037,"d":"6.36"}},{"v":87.91,"d":"$87.91"},{"v":6.362095920481037,"d":"6.36"},{"v":559.291852369488,"d":"$559.29"},{"v":0,"d":"$0.00"},{"v":0,"d":"$0.00"},{"v":0,"d":"$0.00"},{"v":0,"d":"$0.00"},{"v":559.291852369488,"d":"$559.29"}]
[7,null,"Scaffolding",1,"LS",{"v":0,"d":"0%"},{"v":1,"d":"1.00"},{"$f":"3.5%*$Q$12/I18","v":{"v":22.721771144575136,"d":"22.72"}},{"v":87.91,"d":"$87.91"},{"v":22.721771144575136,"d":"22.72"},{"v":1997.4709013196002,"d":"$1,997.47"},{"v":0,"d":"$0.00"},{"v":0,"d":"$0.00"},{"v":0,"d":"$0.00"},{"v":0,"d":"$0.00"},{"v":1997.4709013196002,"d":"$1,997.47"}]
[{"$f":"IF(E19=0,\"\",1+MAX(A13:A18))","v":""},{"$nulls":13},"SUBTOTAL",{"$f":"SUM(P11:P18)","v":{"v":7892.863590071449,"d":"$7,892.86"}}]
[{"$f":"IF(E20=0,\"\",1+MAX(#REF!))","v":""}]
[{"$f":"IF(E21=0,\"\",1+MAX(A20:A20))","v":""},"12. FURNISHES"]
[{"$f":"IF(E22=0,\"\",1+MAX(A20:A21))","v":""},null,"Millwork"]
[{"$f":"IF(D23=0,\"\",1+MAX(A$12:A22))","v":8},null,"1'-6\" x 1'-8\" Open Hanging Shelf",{"v":1,"d":"1.00"},"EA",{"v":0,"d":"0%"},{"$f":"(F23*D23)+D23","v":{"v":1,"d":"1.00"}},{"v":1.578,"d":"1.58"},{"v":63.5,"d":"$63.50"},{"$f":"H23*G23","v":{"v":1.578,"d":"1.58"}},{"$f":"I23*J23","v":{"v":100.203,"d":"$100.20"}},{"v":124.97,"d":"$124.97"},{"$f":"L23*G23","v":{"v":124.97,"d":"$124.97"}},{"v":0,"d":"$0.00"},{"$f":"N23*G23","v":{"v":0,"d":"$0.00"}},{"$f":"IF(D23=\"\",\"\",(K23+M23+O23))","v":{"v":225.173,"d":"$225.17"}}]
[{"$f":"IF(D24=0,\"\",1+MAX(A$12:A23))","v":9},null,"1'-6\" x 3'-4\" Open Hanging Shelf",{"v":1,"d":"1.00"},"EA",{"v":0,"d":"0%"},{"v":1,"d":"1.00"},{"v":2.297,"d":"2.30"},{"v":63.5,"d":"$63.50"},{"v":2.297,"d":"2.30"},{"v":145.8595,"d":"$145.86"},{"v":183.91,"d":"$183.91"},{"v":183.91,"d":"$183.91"},{"v":0,"d":"$0.00"},{"v":0,"d":"$0.00"},{"v":329.7695,"d":"$329.77"}]
[{"$f":"IF(D25=0,\"\",1+MAX(A$12:A24))","v":10},null,"2'-4\" Wide x 1'-10\" High x 2'-0\" Deep Double Leaf Plastic Laminate Base Cabinet w/ Melamine Adjustable Shelf over 3/4\" Plywood Substrate",{"v":4,"d":"4.00"},"EA",{"v":0,"d":"0%"},{"v":4,"d":"4.00"},{"v":2.741,"d":"2.74"},{"v":63.5,"d":"$63.50"},{"v":10.964,"d":"10.96"},{"v":696.214,"d":"$696.21"},{"v":253.70205,"d":"$253.70"},{"v":1014.8082,"d":"$1,014.81"},{"v":0,"d":"$0.00"},{"v":0,"d":"$0.00"},{"v":1711.0222,"d":"$1,711.02"}]
[{"$f":"IF(D26=0,\"\",1+MAX(A$12:A25))","v":11},null,"3'-0\" Wide x 1'-11\" High x 2'-0\" Deep Double Leaf Plastic Laminate Upper Cabinet w/ Melamine Adjustable Shelf over 3/4\" Plywood Substrate",{"v":4,"d":"4.00"},"EA",{"v":0,"d":"0%"},{"v":4,"d":"4.00"},{"v":3.316,"d":"3.32"},{"v":63.5,"d":"$63.50"},{"v":13.264,"d":"13.26"},{"v":842.264,"d":"$842.26"},{"v":342.71999999999997,"d":"$342.72"},{"v":1370.8799999999999,"d":"$1,370.88"},{"v":0,"d":"$0.00"},{"v":0,"d":"$0.00"},{"v":2213.144,"d":"$2,213.14"}]
[{"$f":"IF(D27=0,\"\",1+MAX(A$12:A26))","v":12},null,"3'-0\" Wide x 2'-7\" High x 2'-0\" Deep Double Leaf Plastic Laminate Base Cabinet over 3/4\" Plywood Substrate",{"v":2,"d":"2.00"},"EA",{"v":0,"d":"0%"},{"v":2,"d":"2.00"},{"v":4.124,"d":"4.12"},{"v":63.5,"d":"$63.50"},{"v":8.248,"d":"8.25"},{"v":523.7479999999999,"d":"$523.75"},{"v":460.5300000000001,"d":"$460.53"},{"v":921.0600000000002,"d":"$921.06"},{"v":0,"d":"$0.00"},{"v":0,"d":"$0.00"},{"v":1444.808,"d":"$1,444.81"}]
[{"$f":"IF(D28=0,\"\",1+MAX(A$12:A27))","v":13},null,"1'-2\" Wide x 1'-10\" High x 2'-0\" Deep Single Leaf Plastic Laminate Base Cabinet w/ Melamine Adjustable Shelf over 3/4\" Plywood Substrate",{"v":2,"d":"2.00"},"EA",{"v":0,"d":"0%"},{"v":2,"d":"2.00"},{"v":1.798,"d":"1.80"},{"v":63.5,"d":"$63.50"},{"v":3.596,"d":"3.60"},{"v":228.346,"d":"$228.35"},{"v":127.39545,"d":"$127.40"},{"v":254.7909,"d":"$254.79"},{"v":0,"d":"$0.00"},{"v":0,"d":"$0.00"},{"v":483.13689999999997,"d":"$483.14"}]
[{"$f":"IF(D29=0,\"\",1+MAX(A$12:A28))","v":14},null,"1'-0\" Wide x 6\" High x 2'-0\" Deep Melamine Drawer over 3/4\" Plywood Substrate",{"v":4,"d":"4.00"},"EA",{"v":0,"d":"0%"},{"v":4,"d":"4.00"},{"v":1.427,"d":"1.43"},{"v":63.5,"d":"$63.50"},{"v":5.708,"d":"5.71"},{"v":362.458,"d":"$362.46"},{"v":99.75,"d":"$99.75"},{"v":399,"d":"$399.00"},{"v":0,"d":"$0.00"},{"v":0,"d":"$0.00"},{"v":761.4580000000001,"d":"$761.46"}]
[{"$f":"IF(D30=0,\"\",1+MAX(A$12:A29))","v":15},null,"2'-0\" Dia x 3'-0\" High Wood KEG Barrels \nOFCI",{"v":5,"d":"5.00"},"EA",{"v":0,"d":"0%"},{"v":5,"d":"5.00"},1.75,{"v":63.5,"d":"$63.50"},8.75,{"v":555.625,"d":"$555.63"},null,{"v":0,"d":"$0.00"},{"v":0,"d":"$0.00"},{"v":0,"d":"$0.00"},{"v":555.625,"d":"$555.63"}]
[{"$f":"IF(D31=0,\"\",1+MAX(A$12:A30))","v":16},null,"1'-1\" Deep Melamine Fixed Shelves over 3/4\" Plywood Substrate",38.43,"LF",{"v":0.1,"d":"10%"},{"v":42.272999999999996,"d":"42.27"},{"v":0.368,"d":"0.37"},{"v":63.5,"d":"$63.50"},{"v":15.556463999999998,"d":"15.56"},{"v":987.8354639999999,"d":"$987.84"},{"v":23.75,"d":"$23.75"},{"v":1003.9837499999999,"d":"$1,003.98"},{"v":0,"d":"$0.00"},{"v":0,"d":"$0.00"},{"v":1991.8192139999996,"d":"$1,991.82"}]
[{"$f":"IF(D32=0,\"\",1+MAX(A$12:A31))","v":17},null,"Recessed Drink Rail @ Exterior Countertop",52.12,"LF",{"v":0.1,"d":"10%"},{"v":57.331999999999994,"d":"57.33"},{"v":0.385,"d":"0.39"},{"v":63.5,"d":"$63.50"},{"v":22.072819999999997,"d":"22.07"},{"v":1401.6240699999998,"d":"$1,401.62"},{"v":38.75,"d":"$38.75"},{"v":2221.615,"d":"$2,221.62"},{"v":0,"d":"$0.00"},{"v":0,"d":"$0.00"},{"v":3623.2390699999996,"d":"$3,623.24"}]
[{"$f":"IF(D33=0,\"\",1+MAX(A$12:A32))","v":18},null,"12\" Deep Wood Shelving w/ Support Brackets",12.94,"LF",{"v":0.1,"d":"10%"},{"v":14.234,"d":"14.23"},0.35,{"v":63.5,"d":"$63.50"},{"v":4.9818999999999996,"d":"4.98"},{"v":316.35065,"d":"$316.35"},{"v":18.9,"d":"$18.90"},{"v":269.02259999999995,"d":"$269.02"},{"v":0,"d":"$0.00"},{"v":0,"d":"$0.00"},{"v":585.3732499999999,"d":"$585.37"}]
[{"$f":"IF(D34=0,\"\",1+MAX(A$12:A33))","v":19},null,"3 1/2\" Wood Fascia Panel @ Millwork ",32.44,"LF",{"v":0.1,"d":"10%"},{"v":35.684,"d":"35.68"},{"v":0.052,"d":"0.05"},{"v":63.5,"d":"$63.50"},{"v":1.8555679999999999,"d":"1.86"},{"v":117.82856799999999,"d":"$117.83"},{"v":3.74,"d":"$3.74"},{"v":133.45816,"d":"$133.46"},{"v":0,"d":"$0.00"},{"v":0,"d":"$0.00"},{"v":251.28672799999998,"d":"$251.29"}]
[{"$f":"IF(D35=0,\"\",1+MAX(A$12:A34))","v":20},null,"Plastic Laminate Panels",70.35,"SF",{"v":0.1,"d":"10%"},{"v":77.38499999999999,"d":"77.39"},{"v":0.235,"d":"0.24"},{"v":63.5,"d":"$63.50"},{"v":18.185474999999997,"d":"18.19"},{"v":1154.7776624999997,"d":"$1,154.78"},{"v":32.25,"d":"$32.25"},{"v":2495.6662499999998,"d":"$2,495.67"},{"v":0,"d":"$0.00"},{"v":0,"d":"$0.00"},{"v":3650.4439124999994,"d":"$3,650.44"}]
[{"$f":"IF(D36=0,\"\",1+MAX(A$12:A35))","v":21},null,"Plastic Laminate Finish @ Seating",{"v":142.324,"d":"142.32"},"SF",{"v":0.1,"d":"10%"},{"v":156.55640000000002,"d":"156.56"},{"v":0.235,"d":"0.24"},{"v":63.5,"d":"$63.50"},{"v":36.79075400000001,"d":"36.79"},{"v":2336.2128790000006,"d":"$2,336.21"},{"v":32.25,"d":"$32.25"},{"v":5048.943900000001,"d":"$5,048.94"},{"v":0,"d":"$0.00"},{"v":0,"d":"$0.00"},{"v":7385.156779000002,"d":"$7,385.16"}]
[{"$f":"IF(D37=0,\"\",1+MAX(A$12:A36))","v":22},null,"Fabric Wrapped Removable Back Cushion w/ Medium Density Foam ",{"v":75.6976,"d":"75.70"},"SF",{"v":0.1,"d":"10%"},{"v":83.26736,"d":"83.27"},{"v":0.105,"d":"0.11"},{"v":63.5,"d":"$63.50"},{"v":8.743072799999998,"d":"8.74"},{"v":555.1851227999999,"d":"$555.19"},{"v":7.83,"d":"$7.83"},{"v":651.9834288,"d":"$651.98"},{"v":0,"d":"$0.00"},{"v":0,"d":"$0.00"},{"v":1207.1685515999998,"d":"$1,207.17"}]
[{"$f":"IF(D38=0,\"\",1+MAX(A$12:A37))","v":23},null,"Fabric Wrapped Permanent Seat Cushion w/ High Density Foam ",{"v":150.4568,"d":"150.46"},"SF",{"v":0.1,"d":"10%"},{"v":165.50248,"d":"165.50"},{"v":0.116,"d":"0.12"},{"v":63.5,"d":"$63.50"},{"v":19.19828768,"d":"19.20"},{"v":1219.09126768,"d":"$1,219.09"},{"v":8.43,"d":"$8.43"},{"v":1395.1859063999998,"d":"$1,395.19"},{"v":0,"d":"$0.00"},{"v":0,"d":"$0.00"},{"v":2614.27717408,"d":"$2,614.28"}]
[{"$f":"IF(E39=0,\"\",1+MAX(A20:A23))","v":""},null,"Window Treatment"]
[{"$f":"IF(D40=0,\"\",1+MAX(A$12:A39))","v":24},null,"BWT-1: Blackout Window Tint\n - Mfr: 3M Blackout Film\n - Style:  Architecture Al Glazing Film\n - Color:  Black\n - Size: Roll",353.64,"SF",{"v":0.1,"d":"10%"},{"$f":"(F40*D40)+D40","v":{"v":389.00399999999996,"d":"389.00"}},0.03,{"v":66.78,"d":"$66.78"},{"$f":"H40*G40","v":{"v":11.670119999999999,"d":"11.67"}},{"$f":"I40*J40","v":{"v":779.3306136,"d":"$779.33"}},{"v":1.7483333333333333,"d":"$1.75"},{"$f":"L40*G40","v":{"v":680.1086599999999,"d":"$680.11"}},{"v":0,"d":"$0.00"},{"$f":"N40*G40","v":{"v":0,"d":"$0.00"}},{"$f":"IF(D40=\"\",\"\",(K40+M40+O40))","v":{"v":1459.4392736,"d":"$1,459.44"}}]
[{"$f":"IF(E41=0,\"\",1+MAX(A20:A40))","v":""},null,"Countertop & Backsplash",null,null," "]
[{"$f":"IF(D42=0,\"\",1+MAX(A$12:A41))","v":25},null,"4\" High Quartz Backsplash ",35.38,"LF",{"v":0.1,"d":"10%"},{"$f":"(F42*D42)+D42","v":{"v":38.918000000000006,"d":"38.92"}},{"v":0.125,"d":"0.13"},{"v":66.78,"d":"$66.78"},{"$f":"H42*G42","v":{"v":4.864750000000001,"d":"4.86"}},{"$f":"I42*J42","v":{"v":324.86800500000004,"d":"$324.87"}},{"v":23.85,"d":"$23.85"},{"$f":"L42*G42","v":{"v":928.1943000000002,"d":"$928.19"}},{"v":0,"d":"$0.00"},{"$f":"N42*G42","v":{"v":0,"d":"$0.00"}},{"$f":"IF(D42=\"\",\"\",(K42+M42+O42))","v":{"v":1253.0623050000004,"d":"$1,253.06"}}]
[{"$f":"IF(D43=0,\"\",1+MAX(A$12:A42))","v":26},null,"QZ-1: Quartz Countertop @ Exterior Countertop\n - Mfr: Wilsonart \n - Style:  Grey Lake Q1009\n - Color:  Matte",382.19,"SF",{"v":0.1,"d":"10%"},{"v":420.409,"d":"420.41"},{"v":0.289,"d":"0.29"},{"v":66.78,"d":"$66.78"},{"v":121.498201,"d":"121.50"},{"v":8113.64986278,"d":"$8,113.65"},{"v":40.94,"d":"$40.94"},{"v":17211.544459999997,"d":"$17,211.54"},{"v":0,"d":"$0.00"},{"v":0,"d":"$0.00"},{"v":25325.194322779997,"d":"$25,325.19"}]
[{"$f":"IF(E44=0,\"\",1+MAX(A22:A42))","v":""},{"$nulls":13},"SUBTOTAL",{"$f":"SUM(P21:P43)","v":{"v":57070.59718056,"d":"$57,070.60"}}]
[]
["PROJECTED COST",{"$nulls":14},{"$f":"SUM(P11:P45)/2","v":{"v":64963.46077063145,"d":"$64,963"}}]
["OVERHEAD AND PROFIT",{"$nulls":13},{"v":0.2,"d":"20%"},{"$f":"$P$46*O47","v":{"v":12992.692154126291,"d":"$12,993"}}]
["INSURANCE",{"$nulls":13},{"v":0.03,"d":"3%"},{"$f":"$P$46*O48","v":{"v":1948.9038231189434,"d":"$1,949"}}]
["CONTINGENCY",{"$nulls":13},{"v":0.05,"d":"5%"},{"$f":"$P$46*O49","v":{"v":3248.1730385315727,"d":"$3,248"}}]
["SUGGESTED BID",{"$nulls":14},{"$f":"SUM(P46:P49)","v":{"v":83153.22978640826,"d":"$83,153"}}]
["NOTES:"]
[null,"General Notes: The prices used while preparing the estimate were taken from RSMeans online i.e. the standard pricing. So, it is preferred to review the prices."]
[]
[null,null,"Note",{"$nulls":9},"Legend"]
[null,1,"The drawings are scaled as per the mentioned scales on the plans.",{"$nulls":9},"LBS = Pound "]
[{"$nulls":12},"SF= Square Feet"]
[{"$nulls":12},"LF = Linear Feet"]
[{"$nulls":12},"EA = Each"]
[{"$nulls":12},"CY = Cubic Yard"]
[{"$nulls":12},"SY = Square Yard"]
[{"$nulls":12},"LOC = Location"]
[{"$nulls":12},"LS = Lum Sum"]